Selekcjonerzy reprezentacji Polski - Statystyki

Ogólne statystyki
  • Ten quiz został rozwiązany 691 razy
    231 od ostatniego zresetowania
  • Średni wynik to 11 z 17
Statystyki odpowiedzi
Selekcjoner Lata % Poprawnych
Jan Urban od 16.07.2025
95%
Michał Probierz 20.09.2023 – 12.06.2025
95%
Adam Nawałka 01.11.2013 – 31.07.2018
94%
Czesław Michniewicz 31.01.2022 – 31.12.2022
88%
Jerzy Brzęczek 01.08.2018 – 18.01.2021
87%
Paulo Sousa 21.01.2021 – 29.12.2021
87%
Fernando Santos 24.01.2023 – 13.09.2023
82%
Franciszek Smuda 29.10.2009 – 01.07.2012
80%
Zbigniew Boniek 07.07.2002 – 03.12.2002
72%
Leo Beenhakker 11.07.2006 – 17.09.2009
68%
Waldemar Fornalik 10.07.2012 – 16.10.2013
64%
Paweł Janas 20.12.2002 – 10.07.2006
50%
Jerzy Engel 01.01.2000 – 21.06.2002
49%
Stefan Majewski 17.09.2009 – 29.10.2009
38%
Janusz Wójcik 23.07.1997 – 22.11.1999
36%
Antoni Piechniczek 01.05.1996–07.06.1997
34%
Krzysztof Pawlak 14.06.1997
7%
Nie znaleziono quizów pasujących do podanych kryteriów
Rozkład punktacji
Procent ludzi z każdym wynikiem
Percentyl według liczby udzielonych odpowiedzi
Twoja historia wyników
Nie rozwiązałeś tego quizu od ostatniego zresetowania